| 000 | 00735nam a22002175i 4500 | ||
|---|---|---|---|
| 001 | 168816 | ||
| 003 | ES-MaACL | ||
| 005 | 20230906213911.0 | ||
| 008 | 080612s1975 be |||| | fre d | ||
| 080 | _a72.033.5(469) | ||
| 100 | 1 |
_aDuval, Monique. _9137933 |
|
| 245 | 1 | 0 |
_aA la découverte du Portugal manuélin / _cMonique et Yves Duval. |
| 260 |
_aVerviers (Belgique) : _bMarabout, _c[1975] |
||
| 300 |
_a189 p., [6] p. de lám. : _bil. ; _c18 cm. |
||
| 490 | 1 |
_aGuide marabout ; _v12 |
|
| 650 | 1 | 4 |
_aArquitectura manuelina. _9137934 |
| 700 | 1 |
_aDuval, Yves. _9137935 |
|
| 830 | 0 |
_aGuide marabout ; _v12 _9222762 |
|
| 852 |
_aES-MaACL _jE-12191 _9R. 190421 _z.- Biblioteca Jacinto Martínez Lacalle |
||
| 999 |
_c168816 _d168816 |
||